000 009650000a22003010004500
001 20627
003 CO-MdFUSB
005 20180622170204.0
008 160826t1998 xxud|||g |||| 00| 0 eng d
020 _a0-8024-1644-6
040 _aCO-MdFUSB
_bEspañol
_cCO-MdFUSB
_dCO-MdFUSB
041 _aeng
082 _224
_a268.0882
_bR514c
100 1 _aRichards, Lawrence O.
_dautor
245 0 0 _aCreative Bible teaching
_c / Lawrence O. Richards, Grary J. Bredfeldt
250 _aRevisada y ampliada
264 _aChicago, Illinois :
_bMoody Press,
_c1998
300 _a342 páginas
336 _2rdacontent
_a1
_ba1
337 _2rdamedia
_a2
_b5
338 _2rdacarrier
_a2
_b5
501 _aPasta dura
505 0 0 _aEstudiando la Biblia - Enfocando el mensaje - Estructurando la lección - Enseñando la clase - Evaluando los resultados
653 _aChristian education
653 _aEducación cristiana
942 _cBK
999 _c46978
_d46978